| 000 -LEADER |
| fixed length control field |
01144cam a2200325 a 4500 |
| 001 - CONTROL NUMBER |
| control field |
.b26256149 |
| 003 - CONTROL NUMBER IDENTIFIER |
| control field |
OSt |
| 005 - DATE AND TIME OF LATEST TRANSACTION |
| control field |
20230612095810.0 |
| 008 - FIXED-LENGTH DATA ELEMENTS--GENERAL INFORMATION |
| fixed length control field |
050302s2006 nyua b 000 1 eng |
| 010 ## - LIBRARY OF CONGRESS CONTROL NUMBER |
| LC control number |
2005042923 |
| 020 ## - INTERNATIONAL STANDARD BOOK NUMBER |
| International Standard Book Number |
9780312550189 |
| 040 ## - CATALOGING SOURCE |
| Original cataloging agency |
DLC |
| Transcribing agency |
DLC |
| Modifying agency |
DLC |
| -- |
KH8 |
| 042 ## - AUTHENTICATION CODE |
| Authentication code |
nbic |
| 082 0# - DEWEY DECIMAL CLASSIFICATION NUMBER |
| Classification number |
813.6 RAV |
| 100 1# - MAIN ENTRY--PERSONAL NAME |
| Personal name |
Raven, Margot Theis. |
| Relator term |
author |
| 245 10 - TITLE STATEMENT |
| Title |
Night boat to freedom / |
| Statement of responsibility, etc. |
Margot Theis Raven ; pictures by E.B. Lewis. |
| 250 ## - EDITION STATEMENT |
| Edition statement |
1st ed. |
| 260 ## - PUBLICATION, DISTRIBUTION, ETC. |
| Place of publication, distribution, etc. |
New York : |
| Name of publisher, distributor, etc. |
Farrar, Straus and Giroux, |
| Date of publication, distribution, etc. |
2008, c2006. |
| 300 ## - PHYSICAL DESCRIPTION |
| Extent |
1v. ; |
| Dimensions |
28 cm. |
| 500 ## - GENERAL NOTE |
| General note |
"Melanie Kroupa Books." |
| 520 ## - SUMMARY, ETC. |
| Summary, etc. |
At the request of his fellow slave Granny Judith, Christmas John risks his life to take runaways across a river from Kentucky to Ohio. Based on slave narratives recorded in the 1930s. |
| 650 #1 - SUBJECT ADDED ENTRY--TOPICAL TERM |
| Topical term or geographic name entry element |
Fugitive slaves |
| Form subdivision |
Fiction. |
| 650 #1 - SUBJECT ADDED ENTRY--TOPICAL TERM |
| Topical term or geographic name entry element |
Slavery |
| Form subdivision |
Fiction. |
| 650 #1 - SUBJECT ADDED ENTRY--TOPICAL TERM |
| Topical term or geographic name entry element |
Underground Railroad |
| Form subdivision |
Fiction. |
| 650 #1 - SUBJECT ADDED ENTRY--TOPICAL TERM |
| Topical term or geographic name entry element |
African Americans |
| Form subdivision |
Fiction. |
| 651 #1 - SUBJECT ADDED ENTRY--GEOGRAPHIC NAME |
| Geographic name |
Kentucky |
| General subdivision |
History |
| Chronological subdivision |
1792-1865 |
| Form subdivision |
Fiction. |
| 651 #1 - SUBJECT ADDED ENTRY--GEOGRAPHIC NAME |
| Geographic name |
Ohio |
| General subdivision |
History |
| Chronological subdivision |
1787-1865 |
| Form subdivision |
Fiction. |
| 700 1# - ADDED ENTRY--PERSONAL NAME |
| Personal name |
Lewis, Earl B., |
| Relator term |
ill. |
| 942 ## - ADDED ENTRY ELEMENTS (KOHA) |
| Source of classification or shelving scheme |
|
| Koha item type |
Books - Non Ficton |